[Event "3rd Washington Int 2014"]
[Site "Rockville USA"]
[Date "2014.08.09"]
[Round "1"]
[White "Wang, K."]
[Black "Corrales Jimenez, F."]
[Result "0-1"]
[WhiteElo "2348"]
[BlackElo "2566"]
[PlyCount "69"]
[EventDate "2014.08.09"]
[EventType "swiss"]
[EventRounds "9"]
[EventCountry "USA"]
[Source "Mark Crowther"]
[SourceDate "2014.08.11"]

1. e4 d6 2. d4 g6 3. Nc3 Bg7 4. Be3 a6 5. Qd2 b5 6. f3 Nd7 7. h4 h5 8. Nh3 Bb7
9. Ng5 Rc8 10. a4 b4 11. Bc4 e6 12. Ne2 a5 13. c3 bxc3 14. bxc3 d5 15. Bd3 e5
16. Rb1 Rb8 17. exd5 exd4 18. Bxd4 Bxd4 19. cxd4 Bxd5 20. Rxb8 Qxb8 21. Qxa5
Ngf6 22. O-O O-O 23. Rb1 Qe8 24. Qd2 c5 25. Bb5 c4 26. Nc3 Qa8 27. Rc1 Kg7 28.
Nxd5 Qxd5 29. Bxc4 Qd6 30. Bb5 Rd8 31. Rc6 Qd5 32. Qf4 Rf8 33. Rd6 Qb7 34. Ne4
Nxe4 35. Rxd7 0-1

[Event "3rd Washington Int 2014"]
[Site "Rockville USA"]
[Date "2014.08.09"]
[Round "1"]
[White "Margvelashvili, G."]
[Black "Shetty, A."]
[Result "1-0"]
[WhiteElo "2556"]
[BlackElo "2346"]
[PlyCount "47"]
[EventDate "2014.08.09"]
[EventType "swiss"]
[EventRounds "9"]
[EventCountry "USA"]
[Source "Mark Crowther"]
[SourceDate "2014.08.11"]

1. Nf3 d5 2. g3 Nf6 3. Bg2 c5 4. O-O Nc6 5. d4 e6 6. c4 dxc4 7. Na3 cxd4 8.
Nxc4 Be7 9. Bf4 Nd5 10. Nxd4 Nxf4 11. Bxc6+ bxc6 12. gxf4 Bb7 13. Ne5 Qb6 14.
Nxe6 Bc8 15. Nxg7+ Kf8 16. Nh5 Qxb2 17. Nxc6 Bh3 18. Nxe7 Kxe7 19. Rb1 Rhg8+
20. Ng3 Qf6 21. Qd5 Bxf1 22. Qb7+ Kf8 23. Qxa8+ Kg7 24. Qxg8+ 1-0

[Event "3rd Washington Int 2014"]
[Site "Rockville USA"]
[Date "2014.08.09"]
[Round "1"]
[White "Almeida Saenz, A."]
[Black "Barbosa, O PHI."]
[Result "1-0"]
[WhiteElo "2332"]
[BlackElo "2551"]
[PlyCount "99"]
[EventDate "2014.08.09"]
[EventType "swiss"]
[EventRounds "9"]
[EventCountry "USA"]
[Source "Mark Crowther"]
[SourceDate "2014.08.11"]

1. d4 d5 2. Nf3 Nf6 3. Bf4 c5 4. c3 Nc6 5. e3 Qb6 6. Qc1 g6 7. Nbd2 Bg7 8. Be2
O-O 9. h3 Nd7 10. O-O e5 11. dxe5 Ndxe5 12. Rd1 Be6 13. Nxe5 Nxe5 14. Nf3 Nc4
15. Bxc4 dxc4 16. Rd6 Qa5 17. Ng5 Bc8 18. e4 h6 19. Nf3 g5 20. Be3 Qc7 21. Qd2
Be6 22. Rd1 Rfe8 23. h4 Bf8 24. e5 Bxd6 25. exd6 Qc6 26. hxg5 Bf5 27. gxh6 Bd3
28. b3 Rad8 29. bxc4 Rxd6 30. Bf4 Re2 31. Qxe2 Bxe2 32. Rxd6 Bxf3 33. Rxc6 Bxc6
34. Be3 Bd7 35. Bxc5 a6 36. Bd4 Be6 37. a3 Bxc4 38. Bg7 Kh7 39. f3 b5 40. Kf2
a5 41. g4 a4 42. f4 Bb3 43. f5 Bd1 44. Kg3 Be2 45. Kf4 Bd1 46. g5 Bb3 47. Bd4
Ba2 48. Ke5 Bb3 49. Be3 Bc4 50. Kd6 1-0

[Event "3rd Washington Int 2014"]
[Site "Rockville USA"]
[Date "2014.08.09"]
[Round "1"]
[White "Chirila, I."]
[Black "Shen, A."]
[Result "1/2-1/2"]
[WhiteElo "2515"]
[BlackElo "2324"]
[PlyCount "64"]
[EventDate "2014.08.09"]
[EventType "swiss"]
[EventRounds "9"]
[EventCountry "USA"]
[Source "Mark Crowther"]
[SourceDate "2014.08.11"]

1. d4 Nf6 2. c4 g6 3. Nc3 d5 4. cxd5 Nxd5 5. Bd2 Bg7 6. Nf3 O-O 7. Rc1 Nc6 8.
e4 Nb6 9. d5 Ne5 10. Nxe5 Bxe5 11. Bg5 Qd6 12. Qd2 c6 13. dxc6 bxc6 14. Qxd6
exd6 15. Bd3 f5 16. O-O fxe4 17. Nxe4 d5 18. Nd2 Bxb2 19. Rxc6 Bd7 20. Rc2 Bg7
21. Ba6 Bc8 22. Bd3 Bd7 23. Nb3 Rac8 24. Rfc1 Rxc2 25. Rxc2 Bf5 26. Bxf5 Rxf5
27. Be3 d4 28. g4 Rd5 29. Bd2 Rd7 30. Kg2 Kf7 31. Kf3 Nd5 32. Rc6 Re7 1/2-1/2

[Event "3rd Washington Int 2014"]
[Site "Rockville USA"]
[Date "2014.08.09"]
[Round "1"]
[White "Kaufman, La"]
[Black "Troff, Kayden W"]
[Result "0-1"]
[WhiteElo "2320"]
[BlackElo "2514"]
[PlyCount "56"]
[EventDate "2014.08.09"]
[EventType "swiss"]
[EventRounds "9"]
[EventCountry "USA"]
[Source "Mark Crowther"]
[SourceDate "2014.08.11"]

1. d4 Nf6 2. c4 g6 3. Nc3 d5 4. cxd5 Nxd5 5. e4 Nxc3 6. bxc3 Bg7 7. Nf3 c5 8.
Be3 Qa5 9. Qd2 O-O 10. Rc1 Bg4 11. d5 Na6 12. Ng5 b5 13. h3 Bd7 14. Be2 b4 15.
cxb4 cxb4 16. Bd4 Bxd4 17. Qxd4 Bb5 18. Bxb5 Qxb5 19. f4 Rac8 20. Kf2 Nc5 21.
Kg3 b3 22. Rb1 h6 23. Nf3 Qe2 24. axb3 Nxe4+ 25. Kh2 Rc2 26. Nh4 Nd2 27. Rbg1
g5 28. fxg5 hxg5 0-1

[Event "3rd Washington Int 2014"]
[Site "Rockville USA"]
[Date "2014.08.09"]
[Round "1"]
[White "Friedel, J."]
[Black "Hua, D."]
[Result "1-0"]
[WhiteElo "2507"]
[BlackElo "2304"]
[PlyCount "53"]
[EventDate "2014.08.09"]
[EventType "swiss"]
[EventRounds "9"]
[EventCountry "USA"]
[Source "Mark Crowther"]
[SourceDate "2014.08.11"]

1. c4 Nf6 2. g3 e6 3. Bg2 d5 4. Nf3 c5 5. O-O d4 6. e3 Nc6 7. exd4 cxd4 8. d3
Be7 9. Bf4 Qb6 10. Na3 a6 11. Nc2 Nd7 12. Re1 O-O 13. b4 Bxb4 14. Rb1 Qc5 15.
Nxb4 Nxb4 16. Nxd4 e5 17. Bg5 h6 18. Nf5 Re8 19. Be7 Rxe7 20. d4 exd4 21. Nxe7+
Kh8 22. Qb3 a5 23. a3 Nc6 24. Nxc6 bxc6 25. Re8+ Kh7 26. Qd3+ g6 27. Qf3 1-0

[Event "3rd Washington Int 2014"]
[Site "Rockville USA"]
[Date "2014.08.09"]
[Round "1"]
[White "Del Mundo, A."]
[Black "Paragua, M."]
[Result "0-1"]
[WhiteElo "2291"]
[BlackElo "2487"]
[PlyCount "38"]
[EventDate "2014.08.09"]
[EventType "swiss"]
[EventRounds "9"]
[EventCountry "USA"]
[Source "Mark Crowther"]
[SourceDate "2014.08.11"]

1. d4 Nf6 2. c4 g6 3. f3 Bg7 4. e4 d6 5. Nc3 O-O 6. Nge2 c5 7. d5 e6 8. Be3
exd5 9. cxd5 a6 10. a4 Nbd7 11. Qd2 Ne5 12. Ng3 h5 13. Bg5 h4 14. Bxh4 Nxe4 15.
Qf4 g5 16. Ngxe4 gxh4 17. g4 f5 18. Be2 fxe4 19. Qxe4 Qg5 0-1

[Event "3rd Washington Int 2014"]
[Site "Rockville USA"]
[Date "2014.08.09"]
[Round "1"]
[White "Smith, Bry"]
[Black "Li, Ruifeng"]
[Result "1/2-1/2"]
[WhiteElo "2478"]
[BlackElo "2284"]
[PlyCount "114"]
[EventDate "2014.08.09"]
[EventType "swiss"]
[EventRounds "9"]
[EventCountry "USA"]
[Source "Mark Crowther"]
[SourceDate "2014.08.11"]

1. e4 c5 2. Nc3 Nc6 3. Bb5 Nd4 4. Bc4 e6 5. Nge2 a6 6. a4 Nf6 7. O-O d5 8. exd5
exd5 9. Ba2 Bd6 10. d3 O-O 11. Nxd4 cxd4 12. Ne2 Qb6 13. Bg5 Bc7 14. a5 Qd6 15.
Bf4 Qd8 16. Bxc7 Qxc7 17. Qd2 Ng4 18. Qf4 Qxa5 19. Nxd4 Nf6 20. Bb3 Qc5 21.
Rfe1 Bd7 22. h3 a5 23. c3 a4 24. Bxa4 Bxa4 25. Nf5 Bd7 26. Rxa8 Rxa8 27. Nxg7
Qf8 28. Re5 Ra6 29. Rg5 Kh8 30. Rg3 Bg4 31. Nf5 Bxf5 32. Qxf5 Re6 33. Qg5 Rd6
34. Qe5 Re6 35. Qg5 b6 36. Kh2 Rd6 37. Qe5 Re6 38. Qg5 Rd6 39. Qe5 Rc6 40. Qg5
Re6 41. Kg1 h6 42. Qh4 Rd6 43. Rf3 Nh7 44. Rf5 Kg8 45. Qf4 Rd8 46. Qc7 Ng5 47.
Qxb6 Rd6 48. Qd4 Qe7 49. Kh2 Ne6 50. Qe5 Rd7 51. g3 d4 52. c4 Rb7 53. Rf6 Qf8
54. Qe2 Qg7 55. Rf5 Kh8 56. h4 Qg6 57. Qe5+ Kg8 1/2-1/2

[Event "3rd Washington Int 2014"]
[Site "Rockville USA"]
[Date "2014.08.09"]
[Round "1"]
[White "Barron, M."]
[Black "Xiong, Jeffery"]
[Result "0-1"]
[WhiteElo "2177"]
[BlackElo "2442"]
[PlyCount "64"]
[EventDate "2014.08.09"]
[EventType "swiss"]
[EventRounds "9"]
[EventCountry "USA"]
[Source "Mark Crowther"]
[SourceDate "2014.08.11"]

1. e4 c5 2. Nf3 d6 3. d4 cxd4 4. Nxd4 Nf6 5. Nc3 a6 6. Be2 e5 7. Nb3 Be7 8. O-O
O-O 9. a4 b6 10. Nd5 Bb7 11. Nxe7+ Qxe7 12. f3 d5 13. exd5 Nxd5 14. Bc4 Rd8 15.
Qe2 Nd7 16. Bd2 Rac8 17. c3 Nc5 18. Rfd1 e4 19. fxe4 Nxe4 20. Bxa6 Bxa6 21.
Qxa6 Rc6 22. Qe2 Re6 23. Qb5 Qh4 24. Be1 Qg5 25. Rd3 h5 26. Rad1 Rg6 27. g3 Rf6
28. Bd2 Qg4 29. Re1 Nf2 30. Be3 Qf3 31. Bxf2 Qxf2+ 32. Kh1 Qxe1+ 0-1

[Event "3rd Washington Int 2014"]
[Site "Rockville USA"]
[Date "2014.08.09"]
[Round "1"]
[White "Bregadze, L."]
[Black "Prilleltensky, M."]
[Result "1-0"]
[WhiteElo "2435"]
[BlackElo "2157"]
[PlyCount "91"]
[EventDate "2014.08.09"]
[EventType "swiss"]
[EventRounds "9"]
[EventCountry "USA"]
[Source "Mark Crowther"]
[SourceDate "2014.08.11"]

1. Nf3 d5 2. c4 c6 3. d4 Nf6 4. e3 Bf5 5. Nc3 e6 6. Qb3 Qb6 7. c5 Qc7 8. Nh4
Be4 9. f3 Bg6 10. Nxg6 hxg6 11. f4 b6 12. cxb6 axb6 13. Qc2 Bd6 14. Be2 Nbd7
15. Bd2 O-O 16. g4 b5 17. g5 b4 18. Nb5 cxb5 19. Qxc7 Bxc7 20. gxf6 Nxf6 21.
Bxb4 Ba5 22. Bxa5 Rxa5 23. a3 b4 24. a4 Rc8 25. Bd1 Ne4 26. Bb3 Ra6 27. Ke2
Rac6 28. a5 Ra6 29. Ra4 Nd6 30. Rha1 Nb7 31. Bd1 Kf8 32. h4 Rca8 33. Rxb4 Rxa5
34. Rxa5 Nxa5 35. Ra4 Ra7 36. b4 Nc6 37. b5 Rxa4 38. Bxa4 Nb8 39. b6 Ke7 40.
Kd3 f6 41. Kc3 Kd6 42. Kb4 g5 43. hxg5 fxg5 44. fxg5 e5 45. Bb5 exd4 46. exd4
1-0

[Event "3rd Washington Int 2014"]
[Site "Rockville USA"]
[Date "2014.08.09"]
[Round "1"]
[White "Ramachandran, Karthik N"]
[Black "Mulyar, M."]
[Result "1/2-1/2"]
[WhiteElo "2142"]
[BlackElo "2411"]
[PlyCount "77"]
[EventDate "2014.08.09"]
[EventType "swiss"]
[EventRounds "9"]
[EventCountry "USA"]
[Source "Mark Crowther"]
[SourceDate "2014.08.11"]

1. d4 d5 2. c4 c6 3. Nf3 e6 4. e3 Nf6 5. b3 Bd6 6. Bb2 b6 7. Bd3 Bb7 8. O-O O-O
9. Nbd2 c5 10. cxd5 exd5 11. Ne5 Nc6 12. Nxc6 Bxc6 13. Nf3 Bb7 14. Ne5 Qe7 15.
Rc1 Rad8 16. Re1 Ne4 17. Qh5 f6 18. Bxe4 dxe4 19. Nc4 cxd4 20. Nxd6 Qxd6 21.
Bxd4 Rc8 22. Qe2 Qa3 23. Qb2 Qxb2 24. Bxb2 Ba6 25. Rxc8 Rxc8 26. Rc1 Rxc1+ 27.
Bxc1 Bd3 28. f4 Kf7 29. Kf2 Bb1 30. a3 Ke6 31. Ke2 Ba2 32. b4 Bc4+ 33. Kd2 Bf1
34. g3 h5 35. a4 Bc4 36. Bb2 Bb3 37. a5 bxa5 38. bxa5 Bc4 39. a6 1/2-1/2

[Event "3rd Washington Int 2014"]
[Site "Rockville USA"]
[Date "2014.08.09"]
[Round "1"]
[White "Balakrishnan, Praveen"]
[Black "Ippolito, D."]
[Result "0-1"]
[WhiteElo "2101"]
[BlackElo "2409"]
[PlyCount "102"]
[EventDate "2014.08.09"]
[EventType "swiss"]
[EventRounds "9"]
[EventCountry "USA"]
[Source "Mark Crowther"]
[SourceDate "2014.08.11"]

1. e4 c6 2. d4 d5 3. exd5 cxd5 4. c4 Nf6 5. Nc3 Nc6 6. Bg5 dxc4 7. Bxc4 h6 8.
Bh4 e6 9. Bxf6 Qxf6 10. d5 exd5 11. Qe2+ Qe5 12. Nxd5 Bd6 13. f4 Qxe2+ 14. Nxe2
Be6 15. Ne3 Bc5 16. f5 Bd7 17. Nd5 O-O-O 18. Rf1 Ne5 19. Rc1 Kb8 20. b4 Bd6 21.
Nd4 Rhe8 22. Kf2 Ng4+ 23. Kg1 Bxh2+ 24. Kh1 Be5 25. Nc2 Nh2 26. Rfe1 Bxf5 27.
Nde3 Be6 28. Bxe6 Rxe6 29. Rcd1 Rde8 30. Rd7 Bg3 31. Rc1 Rf6 32. Nd4 h5 33.
Ndf5 Bf4 34. Nxg7 Rg8 35. Rc3 Bxe3 36. Rxe3 Ng4 37. Re1 Kc8 38. Rd5 Rxg7 39. b5
Kc7 40. a4 Kb6 41. Ra1 a5 42. bxa6 Kxa6 43. Rd8 Ka7 44. a5 Ne3 45. Rb1 Rf4 46.
Rb2 Rf1+ 47. Kh2 Ng4+ 48. Kg3 Nf2+ 49. Kf3 Nd1+ 50. Ke2 Rf2+ 51. Kxd1 Rxb2 0-1

[Event "3rd Washington Int 2014"]
[Site "Rockville USA"]
[Date "2014.08.09"]
[Round "2.1"]
[White "Nyzhnyk, I."]
[Black "Bregadze, L."]
[Result "1/2-1/2"]
[WhiteElo "2639"]
[BlackElo "2435"]
[PlyCount "90"]
[EventDate "2014.08.09"]
[EventType "swiss"]
[EventRounds "9"]
[EventCountry "USA"]
[Source "Mark Crowther"]
[SourceDate "2014.08.11"]

1. d4 Nf6 2. c4 g6 3. Nf3 Bg7 4. g3 O-O 5. Bg2 d6 6. O-O Nbd7 7. Nc3 e5 8. e3
Re8 9. a4 c6 10. a5 a6 11. Qb3 Rb8 12. Rd1 exd4 13. exd4 Nf8 14. h3 Ne6 15. Be3
d5 16. Ne5 dxc4 17. Qxc4 Qe7 18. Qb3 c5 19. dxc5 Nxc5 20. Qb4 Qxe5 21. Qxc5
Qxc5 22. Bxc5 Bf5 23. Bd6 Rbd8 24. Bxb7 Bc2 25. Rd2 Re6 26. Bf4 Rxd2 27. Bxd2
Ne4 28. Be3 Nxc3 29. bxc3 Be4 30. Bxe4 Rxe4 31. Rc1 Rc4 32. Bd2 Bf6 33. Rb1 Kg7
34. Kg2 Rc5 35. c4 Rxc4 36. Rb6 Bc3 37. Bxc3+ Rxc3 38. Rxa6 Ra3 39. Ra8 h5 40.
a6 Kf6 41. g4 hxg4 42. hxg4 Kg5 43. f3 Kf4 44. Rf8 f5 45. Rf6 Kg5 1/2-1/2

[Event "3rd Washington Int 2014"]
[Site "Rockville USA"]
[Date "2014.08.09"]
[Round "2.2"]
[White "Kekelidze, M."]
[Black "Azarov, S."]
[Result "0-1"]
[WhiteElo "2451"]
[BlackElo "2635"]
[PlyCount "60"]
[EventDate "2014.08.09"]
[EventType "swiss"]
[EventRounds "9"]
[EventCountry "USA"]
[Source "Mark Crowther"]
[SourceDate "2014.08.11"]

1. d4 d5 2. c4 e6 3. Nf3 dxc4 4. e3 b5 5. a4 b4 6. Bxc4 Nf6 7. O-O Bb7 8. a5 a6
9. Nbd2 Be7 10. Qe2 O-O 11. e4 c5 12. e5 Nfd7 13. Nb3 Nc6 14. Rd1 Qc7 15. Bf4
Nxd4 16. Nbxd4 cxd4 17. Nxd4 Nc5 18. f3 Rfd8 19. Bg3 Rd7 20. Bf2 Rad8 21. b3
Bg5 22. g3 g6 23. f4 Be7 24. Be3 Ne4 25. Rd3 Nc3 26. Qd2 Bc5 27. Kf1 Be4 28.
Nxe6 Bxd3+ 29. Qxd3 Qc6 30. Nxd8 Qf3+ 0-1

[Event "3rd Washington Int 2014"]
[Site "Rockville USA"]
[Date "2014.08.09"]
[Round "2.3"]
[White "Zherebukh, Y."]
[Black "Andrianov, Nikolay"]
[Result "1/2-1/2"]
[WhiteElo "2625"]
[BlackElo "1816"]
[PlyCount "183"]
[EventDate "2014.08.09"]
[EventType "swiss"]
[EventRounds "9"]
[EventCountry "USA"]
[Source "Mark Crowther"]
[SourceDate "2014.08.11"]

1. e4 c5 2. Nf3 Nc6 3. d4 cxd4 4. Nxd4 g6 5. Nc3 Bg7 6. Be3 Nf6 7. Bc4 O-O 8.
Bb3 d6 9. h3 Na5 10. O-O Bd7 11. Qd3 a6 12. Rfe1 Qc7 13. Bg5 Qc5 14. Nf3 Nxb3
15. axb3 Rfe8 16. Be3 Qc7 17. Bd4 e5 18. Be3 h6 19. Nh2 b5 20. b4 Be6 21. Red1
Red8 22. Ng4 Nxg4 23. hxg4 Bxg4 24. Nd5 Qb7 25. f3 Be6 26. Nb6 Rab8 27. Ra3 f5
28. Nd5 Rbc8 29. c3 f4 30. Bb6 Rd7 31. Rda1 Ra8 32. Bf2 Bxd5 33. Qxd5+ Qxd5 34.
exd5 e4 35. fxe4 Re8 36. Re1 Ra8 37. Kf1 Re7 38. Rea1 Rxe4 39. Rxa6 Rxa6 40.
Rxa6 Be5 41. Rb6 g5 42. Rxb5 g4 43. Ra5 f3 44. gxf3 gxf3 45. Ra1 Re2 46. Rb1
Kf7 47. c4 h5 48. b5 h4 49. Kg1 h3 50. b6 h2+ 51. Kh1 Bf4 52. b7 Re8 53. Ba7 f2
54. Bxf2 Rb8 55. Rf1 Ke8 56. Ba7 Rxb7 57. Rxf4 Rxa7 58. Kxh2 Rb7 59. Rf2 Rb4
60. Rc2 Rb3 61. Kg2 Kd7 62. Kf2 Kc7 63. Rc3 Rxb2+ 64. Ke3 Rh2 65. Kd3 Rh3+ 66.
Kc2 Rxc3+ 67. Kxc3 Kc8 68. Kc2 Kc7 69. Kd2 Kd8 70. Kd3 Kd7 71. Ke3 Ke7 72. Kf3
Kf7 73. Kg3 Kg7 74. Kf2 Kf8 75. Kf1 Kf7 76. Kg2 Kg8 77. Kh2 Kf8 78. Kh3 Kf7 79.
Kg4 Kg8 80. Kh5 Kf7 81. Kg5 Kg7 82. Kf5 Kf7 83. Ke4 Ke8 84. Kd3 Kd7 85. Kc2 Kc8
86. Kc1 Kc7 87. Kb2 Kb8 88. Ka3 Ka7 89. Kb3 Kb7 90. Kc2 Kc8 91. Kd2 Kd8 92. Kd3
1/2-1/2

[Event "3rd Washington Int 2014"]
[Site "Rockville USA"]
[Date "2014.08.09"]
[Round "2.4"]
[White "Xiong, Jeffery"]
[Black "Holt, C."]
[Result "1/2-1/2"]
[WhiteElo "2442"]
[BlackElo "2574"]
[PlyCount "135"]
[EventDate "2014.08.09"]
[EventType "swiss"]
[EventRounds "9"]
[EventCountry "USA"]
[Source "Mark Crowther"]
[SourceDate "2014.08.11"]

1. e4 e6 2. d4 d5 3. Nd2 Be7 4. e5 c5 5. c3 Nc6 6. Bd3 Bd7 7. Ne2 f6 8. Nf3
fxe5 9. Nxe5 Nxe5 10. dxe5 Qc7 11. Bf4 O-O-O 12. Qd2 Nh6 13. Bxh6 gxh6 14. f4
Kb8 15. O-O-O h5 16. g3 Be8 17. Kb1 Bg6 18. h3 Qc6 19. Rhg1 Rhg8 20. g4 hxg4
21. hxg4 c4 22. Bc2 Bc5 23. Nd4 Bxd4 24. Qxd4 Bxc2+ 25. Kxc2 Qd7 26. Kc1 Rg6
27. Qf2 Rf8 28. Rd4 Qg7 29. Qh4 Rg8 30. f5 exf5 31. Rxd5 Qh6+ 32. Qxh6 Rxh6 33.
g5 Re6 34. Rh1 Re7 35. Rh5 f4 36. Kd2 Rf8 37. Ke2 f3+ 38. Kf2 Rf4 39. Rh3 Rf5
40. Rxf3 Rxg5 41. Rf8+ Kc7 42. Rc5+ Kb6 43. Rxc4 Rgxe5 44. Kf3 Re3+ 45. Kf4 Re2
46. Rf6+ Kb5 47. Rb4+ Kc5 48. Rf5+ Kc6 49. Kg5 b6 50. a4 Rg7+ 51. Kh6 Rge7 52.
a5 R2e6+ 53. Kg5 Rg7+ 54. Kh5 Rgg6 55. axb6 axb6 56. Rc4+ Kb7 57. Rf7+ Ka6 58.
Rxh7 Rg2 59. Rhc7 Rxb2 60. Kg4 Kb5 61. Rf4 Re8 62. c4+ Ka6 63. Rff7 Rg8+ 64.
Kf4 Ka5 65. Rf5+ Ka6 66. Rff7 Ka5 67. Rf5+ Ka6 68. Rff7 1/2-1/2

[Event "3rd Washington Int 2014"]
[Site "Rockville USA"]
[Date "2014.08.09"]
[Round "2.6"]
[White "Troff, Kayden W"]
[Black "Ostrovskiy, Al"]
[Result "1-0"]
[WhiteElo "2514"]
[BlackElo "2410"]
[PlyCount "81"]
[EventDate "2014.08.09"]
[EventType "swiss"]
[EventRounds "9"]
[EventCountry "USA"]
[Source "Mark Crowther"]
[SourceDate "2014.08.11"]

1. d4 d5 2. Nf3 Nf6 3. e3 Bf5 4. c4 c6 5. Nc3 e6 6. Nh4 Be4 7. f3 Bg6 8. Qb3
Qc7 9. Bd2 Be7 10. Nxg6 hxg6 11. g3 Nbd7 12. cxd5 Nxd5 13. O-O-O a5 14. Kb1
Nxc3+ 15. Bxc3 a4 16. Qc2 O-O 17. h4 Nf6 18. h5 gxh5 19. e4 b5 20. Bd3 b4 21.
e5 Rfb8 22. exf6 Bxf6 23. Bd2 b3 24. Qc5 a3 25. Bh7+ Kh8 26. Qxh5 bxa2+ 27. Kc2
Rxb2+ 28. Kd3 Rxd2+ 29. Rxd2 g6 30. Bxg6+ Kg8 31. Bh7+ Kf8 32. Qc5+ Qe7 33.
Qxe7+ Kxe7 34. Rxa2 Ra4 35. Kc2 Bxd4 36. Kb3 Ra5 37. Rxa3 Rg5 38. Be4 Rxg3 39.
Kc4 c5 40. Ra7+ Kf6 41. Rh7 1-0

[Event "3rd Washington Int 2014"]
[Site "Rockville USA"]
[Date "2014.08.09"]
[Round "2.7"]
[White "Ippolito, D."]
[Black "Friedel, J."]
[Result "1/2-1/2"]
[WhiteElo "2409"]
[BlackElo "2507"]
[PlyCount "45"]
[EventDate "2014.08.09"]
[EventType "swiss"]
[EventRounds "9"]
[EventCountry "USA"]
[Source "Mark Crowther"]
[SourceDate "2014.08.11"]

1. Nf3 Nf6 2. c4 b6 3. g3 c5 4. Bg2 Bb7 5. O-O g6 6. b3 Bg7 7. Bb2 O-O 8. Nc3
d6 9. d4 cxd4 10. Nxd4 Bxg2 11. Kxg2 d5 12. cxd5 Nxd5 13. e3 Nxc3 14. Bxc3 Qd5+
15. Qf3 Qxf3+ 16. Kxf3 Nd7 17. Rac1 Rac8 18. Bb4 Bf6 19. Rfd1 Rfe8 20. Ke2 Rxc1
21. Rxc1 Bxd4 22. exd4 Nf6 23. a4 1/2-1/2

[Event "3rd Washington Int 2014"]
[Site "Rockville USA"]
[Date "2014.08.09"]
[Round "2"]
[White "Paragua, M."]
[Black "Harmon, L."]
[Result "1-0"]
[WhiteElo "2487"]
[BlackElo "2407"]
[PlyCount "96"]
[EventDate "2014.08.09"]
[EventType "swiss"]
[EventRounds "9"]
[EventCountry "USA"]
[Source "Mark Crowther"]
[SourceDate "2014.08.11"]

1. d4 Nf6 2. Bg5 Ne4 3. Bf4 c5 4. d5 Qb6 5. Nd2 Qxb2 6. Nxe4 Qb4+ 7. c3 Qxe4 8.
e3 g5 9. Bg3 Bg7 10. Rc1 d6 11. h4 g4 12. Ne2 Nd7 13. Nf4 Ne5 14. Bb5+ Bd7 15.
Bxd7+ Kxd7 16. O-O Rhb8 17. a4 b5 18. axb5 Rxb5 19. Nh5 Bh8 20. Bf4 Rab8 21.
Ng3 Qd3 22. Qa4 Qxd5 23. Rfd1 Qc6 24. Bxe5 Bxe5 25. Qxg4+ Kc7 26. Nf5 e6 27.
Nd4 Bxd4 28. cxd4 c4 29. Qg7 Rf5 30. d5 exd5 31. Qxh7 Qd7 32. Qg7 Qe7 33. Qc3
Kc6 34. Qa5 Rb6 35. Rxc4+ dxc4 36. Qxf5 Qe6 37. Qg5 a6 38. h5 Qe5 39. Qg3 Kc7
40. Qf3 f5 41. h6 d5 42. Qh5 c3 43. Rc1 Qe6 44. Rxc3+ Kd8 45. g3 Qxh6 46. Qxf5
Qe6 47. Qf8+ Kd7 48. Qc8+ Ke7 1-0

[Event "3rd Washington Int 2014"]
[Site "Rockville USA"]
[Date "2014.08.09"]
[Round "2"]
[White "Bekkedahl, Zachary"]
[Black "Smith, Bry"]
[Result "0-1"]
[WhiteElo "1983"]
[BlackElo "2478"]
[PlyCount "64"]
[EventDate "2014.08.09"]
[EventType "swiss"]
[EventRounds "9"]
[EventCountry "USA"]
[Source "Mark Crowther"]
[SourceDate "2014.08.11"]

1. e4 c5 2. Nc3 g6 3. f4 Bg7 4. Nf3 Nc6 5. Bb5 Nd4 6. O-O a6 7. Bd3 d6 8. Nxd4
cxd4 9. Ne2 Nf6 10. c3 dxc3 11. dxc3 O-O 12. Qe1 e5 13. fxe5 dxe5 14. Bc2 Qb6+
15. Kh1 Be6 16. b3 Nh5 17. c4 Qc7 18. a4 b5 19. Ba3 Rfd8 20. axb5 axb5 21. c5
Nf4 22. Nc3 Rxa3 23. Rxa3 b4 24. Nd5 Bxd5 25. Qxb4 Bc6 26. Rd1 Bf8 27. Rda1 Rb8
28. Qa5 Qb7 29. Qa7 Bxe4 30. Bxe4 Qxe4 31. R3a2 Rxb3 32. Rc1 Rb1 0-1

[Event "3rd Washington Int 2014"]
[Site "Rockville USA"]
[Date "2014.08.09"]
[Round "2"]
[White "Mulyar, M."]
[Black "Karamsetty, J."]
[Result "1-0"]
[WhiteElo "2411"]
[BlackElo "2095"]
[PlyCount "83"]
[EventDate "2014.08.09"]
[EventType "swiss"]
[EventRounds "9"]
[EventCountry "USA"]
[Source "Mark Crowther"]
[SourceDate "2014.08.11"]

1. d4 d5 2. Nf3 Nf6 3. c4 c6 4. Nc3 dxc4 5. a4 Bf5 6. e3 e6 7. Bxc4 Bb4 8. O-O
Nbd7 9. Qe2 Bg6 10. h3 Qc7 11. Rd1 O-O 12. Nh4 e5 13. Nxg6 hxg6 14. Qc2 Nb6 15.
Bb3 Kh8 16. a5 Nbd7 17. a6 bxa6 18. Rxa6 Qb7 19. Ra1 Rae8 20. Ne2 c5 21. d5 e4
22. Bd2 Ne5 23. Bxb4 cxb4 24. Ng3 Ned7 25. Ba4 Rc8 26. Bc6 Qb6 27. Qa4 Rc7 28.
Bxd7 Rxd7 29. Nxe4 Rfd8 30. Ng5 Kg8 31. e4 Re7 32. Qc2 Rde8 33. d6 Rd7 34. Qa4
Re5 35. h4 Rc5 36. Qb3 Ng4 37. Rd2 Rc6 38. Qg3 Nh6 39. Rad1 a5 40. e5 Nf5 41.
Qb3 Qd8 42. e6 1-0

[Event "3rd Washington Int 2014"]
[Site "Rockville USA"]
[Date "2014.08.09"]
[Round "2"]
[White "Homa, S."]
[Black "Barron, M."]
[Result "0-1"]
[WhiteElo "2378"]
[BlackElo "2177"]
[PlyCount "64"]
[EventDate "2014.08.09"]
[EventType "swiss"]
[EventRounds "9"]
[EventCountry "USA"]
[Source "Mark Crowther"]
[SourceDate "2014.08.11"]

1. e4 e5 2. Nf3 Nc6 3. Bb5 a6 4. Ba4 Nf6 5. d3 b5 6. Bb3 Bc5 7. O-O d6 8. a4 b4
9. a5 O-O 10. h3 h6 11. Nbd2 Be6 12. Bc4 Qc8 13. c3 Rb8 14. Bxe6 Qxe6 15. Re1
bxc3 16. bxc3 Rb5 17. c4 Rxa5 18. Rxa5 Nxa5 19. Qa4 Bb6 20. Bb2 Nd7 21. d4 exd4
22. Bxd4 Ra8 23. e5 Nc5 24. Bxc5 dxc5 25. Rc1 Nc6 26. Re1 Ba5 27. Re3 Bb4 28.
Nf1 a5 29. N3h2 Nd4 30. g4 Qxc4 31. Ng3 Rd8 32. Nf5 Qc2 0-1

[Event "3rd Washington Int 2014"]
[Site "Rockville USA"]
[Date "2014.08.09"]
[Round "2"]
[White "Oussedik, E."]
[Black "Kaufman, La"]
[Result "0-1"]
[WhiteElo "2100"]
[BlackElo "2320"]
[PlyCount "106"]
[EventDate "2014.08.09"]
[EventType "swiss"]
[EventRounds "9"]
[EventCountry "USA"]
[Source "Mark Crowther"]
[SourceDate "2014.08.11"]

1. d4 Nf6 2. c4 e6 3. Nf3 d5 4. e3 c5 5. cxd5 exd5 6. Bb5+ Bd7 7. Bxd7+ Nbxd7
8. dxc5 Nxc5 9. O-O Be7 10. b3 Rc8 11. Nc3 O-O 12. Bb2 Nce4 13. Nxe4 dxe4 14.
Qxd8 Rfxd8 15. Nd4 g6 16. Rac1 Nd5 17. a3 Bf6 18. h3 Kf8 19. Rfd1 Ke7 20. Rc4
Nb6 21. Rcc1 a6 22. Rxc8 Rxc8 23. Nf5+ gxf5 24. Bxf6+ Ke6 25. Rd8 Rxd8 26. Bxd8
Nd7 27. b4 Ne5 28. Kh2 Nc4 29. a4 Nb2 30. a5 Nd3 31. Kg3 Nxb4 32. Kh4 Nd3 33.
f3 Ne5 34. fxe4 fxe4 35. Kg5 Nc4 36. Kf4 Kd7 37. Bf6 Nxa5 38. Kxe4 Ke6 39. Bb2
Nc4 40. Bc3 Nd6+ 41. Kf4 b6 42. h4 a5 43. Bd4 b5 44. Bb6 Nc4 45. Bd4 b4 46. Kg5
b3 47. Kh6 a4 48. Kxh7 a3 49. h5 b2 50. h6 b1=Q+ 51. Kg8 Qg6+ 52. Bg7 f6 53. h7
Qf7+ 0-1